000 00309nam a2200121Ia 4500
008 240731s9999 xx 000 0 und d
022 _a1814-2079
245 0 _aJournal of Hydraulic Research
260 _bTaylor & Francis
856 _uhttps://www.tandfonline.com/loi/tjhr20
942 _2ddc
942 _cTFEJ
999 _c77824
_d77824
945 _a1
_bMadushi Gamage
_c1
_dMadushi Gamage